[Event "Madrdid ch 2015 - Semifinal B"]
[Site "Madrid ESP"]
[Date "2015.03.20"]
[Round "6.9"]
[White "Del Noval Nemeshazi, Nesztor"]
[Black "Moreno Torrero, Javier"]
[Result "0-1"]
[WhiteElo "1770"]
[BlackElo "1987"]
[PlyCount "96"]
[EventDate "2015.03.05"]
[EventType "swiss"]
[EventRounds "9"]
[EventCountry "ESP"]
[Source "lmi"]
[SourceDate "2015.03.05"]

1. e4 c5 2. Nf3 d6 3. d4 cxd4 4. Nxd4 Nf6 5. Nc3 a6 6. Bg5 e6 7. f4 Be7 8. Qf3
Qc7 9. O-O-O Nbd7 10. g4 b5 11. h4 Bb7 12. a3 Nc5 13. Bxf6 gxf6 14. f5 e5 15.
Nde2 Rc8 16. Ng3 Nxe4 17. Ngxe4 d5 18. Rh2 dxe4 19. Nxe4 Qc6 20. Bd3 Rd8 21.
Rhd2 Rd4 22. Re1 Kd8 23. Qf2 Kc8 24. Nc3 Rhd8 25. Red1 b4 26. axb4 Bxb4 27. Be4
Rxd2 28. Rxd2 Rxd2 29. Qxd2 Bxc3 30. Qxc3 Qxc3 31. Bxb7+ Kxb7 32. bxc3 Kc6 33.
Kd2 Kd5 34. Kd3 a5 35. g5 fxg5 36. hxg5 a4 37. c4+ Kc5 38. Ke4 a3 39. Kxe5 a2
40. Kf6 a1=Q+ 41. Kxf7 Qe5 42. f6 Qxg5 43. Ke6 Qg8+ 44. Ke7 Qg5 45. Ke6 Kxc4
46. f7 Qd5+ 47. Ke7 h5 48. f8=Q Qc5+ 0-1

[Event "Madrdid ch 2015 - Semifinal B"]
[Site "Madrid ESP"]
[Date "2015.03.20"]
[Round "6.10"]
[White "Fernandez Rodriguez, Fernando"]
[Black "Largo Barbero, Benito"]
[Result "1-0"]
[WhiteElo "1746"]
[BlackElo "1961"]
[PlyCount "103"]
[EventDate "2015.03.05"]
[EventType "swiss"]
[EventRounds "9"]
[EventCountry "ESP"]
[Source "lmi"]
[SourceDate "2015.03.05"]

1. d4 Nf6 2. c4 g6 3. Nc3 Bg7 4. e4 d6 5. h3 O-O 6. Be3 c6 7. Nf3 Qe8 8. a3 a6
9. Be2 Nbd7 10. e5 dxe5 11. dxe5 Nh5 12. g4 b5 13. gxh5 Bb7 14. c5 Rd8 15. Qb3
Nxe5 16. Nxe5 Bxe5 17. Bh6 Bg7 18. Bxg7 Kxg7 19. Rd1 Bc8 20. Rxd8 Qxd8 21. Ne4
Qc7 22. Qc3+ f6 23. Qg3 Qxg3 24. Nxg3 Rd8 25. hxg6 hxg6 26. h4 Rd5 27. Ne4 f5
28. Nc3 Rxc5 29. Kd2 Re5 30. f4 Re6 31. b4 c5 32. Bf3 cxb4 33. axb4 Rd6+ 34.
Ke3 Rd8 35. Ne2 Kf6 36. Rc1 Rh8 37. Rc6+ Kf7 38. Bd5+ Kg7 39. Rc7 Kf6 40. Nd4
Rd8 41. Bb3 Bd7 42. Nf3 Be8 43. Ne5 a5 44. Nc6 Rd6 45. Nxe7 Bd7 46. Nd5+ Kg7
47. bxa5 Kh6 48. Kd4 Be8 49. Ke5 Rc6 50. Rxc6 Bxc6 51. Bd1 Bb7 52. Nb4 1-0

[Event "Madrdid ch 2015 - Semifinal B"]
[Site "Madrid ESP"]
[Date "2015.03.20"]
[Round "6.11"]
[White "Morona Minguez, Miguel"]
[Black "De Dompablo Fantova, Juan"]
[Result "1-0"]
[WhiteElo "1818"]
[BlackElo "1722"]
[PlyCount "83"]
[EventDate "2015.03.05"]
[EventType "swiss"]
[EventRounds "9"]
[EventCountry "ESP"]
[Source "lmi"]
[SourceDate "2015.03.05"]

1. e4 c5 2. Nf3 d6 3. d4 cxd4 4. Nxd4 Nf6 5. Nc3 g6 6. Be3 Bg7 7. f3 O-O 8. Qd2
Nc6 9. O-O-O Bd7 10. g4 Nxd4 11. Bxd4 Bc6 12. h4 h5 13. Bxf6 Bxf6 14. gxh5 Kh7
15. hxg6+ fxg6 16. Nd5 Bxd5 17. Qxd5 Qb6 18. Qb3 Qc7 19. h5 g5 20. Bh3 Be5 21.
Bf5+ Kh6 22. Rd3 a5 23. Qd5 a4 24. Qe6+ Rf6 25. Qd7 Qb6 26. b3 axb3 27. Rxb3
Qd4 28. Qxe7 Rh8 29. Qxb7 Qa1+ 30. Rb1 Bf4+ 31. Kd1 Qd4+ 32. Ke2 Qe3+ 33. Kf1
Qxf3+ 34. Kg1 Qg3+ 35. Kf1 Be3 36. Ke2 Qf2+ 37. Kd3 Qd2+ 38. Kc4 Qxc2+ 39. Kb5
d5 40. e5 Rb6+ 41. Qxb6+ Bxb6 42. Bxc2 1-0

[Event "Madrdid ch 2015 - Semifinal B"]
[Site "Madrid ESP"]
[Date "2015.03.20"]
[Round "6.13"]
[White "Estevez Sacristan, Deva"]
[Black "Vukotic Jovsic, Dragan"]
[Result "1-0"]
[WhiteElo "1648"]
[BlackElo "1986"]
[PlyCount "61"]
[EventDate "2015.03.05"]
[EventType "swiss"]
[EventRounds "9"]
[EventCountry "ESP"]
[Source "lmi"]
[SourceDate "2015.03.05"]

1. e4 e5 2. Nf3 Qe7 3. Nc3 c6 4. d4 d6 5. Be2 Nf6 6. Bg5 Bg4 7. h3 Bxf3 8. Bxf3
Nbd7 9. O-O g6 10. Re1 Bg7 11. d5 c5 12. Nb5 O-O 13. Qd2 a6 14. Nc3 b5 15. h4
Nb6 16. h5 Nc4 17. Qc1 b4 18. Ne2 Qd7 19. Ng3 h6 20. Bxh6 Nxb2 21. Bxg7 Kxg7
22. Qxb2 Rh8 23. hxg6 fxg6 24. Qc1 Rh4 25. Qg5 Rh7 26. Nf5+ Kf7 27. Nh4 Rah8
28. Qxg6+ Ke7 29. g3 Rxh4 30. Qg7+ Ke8 31. Qxd7+ 1-0

[Event "Madrdid ch 2015 - Semifinal B"]
[Site "Madrid ESP"]
[Date "2015.03.21"]
[Round "7.1"]
[White "Veganzones Rojo, David"]
[Black "Perez De Aranda A., Leonardo I"]
[Result "1-0"]
[WhiteElo "2070"]
[BlackElo "2094"]
[PlyCount "73"]
[EventDate "2015.03.05"]
[EventType "swiss"]
[EventRounds "9"]
[EventCountry "ESP"]
[Source "lmi"]
[SourceDate "2015.03.05"]

1. d4 d5 2. c4 dxc4 3. e3 e5 4. Bxc4 Nc6 5. d5 Na5 6. Qa4+ c6 7. dxc6 Nxc6 8.
Nf3 Bd6 9. Nc3 Nf6 10. e4 h6 11. O-O O-O 12. h3 Bc5 13. Bd5 Qe7 14. Bxc6 bxc6
15. Rd1 g5 16. Qc2 g4 17. Na4 gxf3 18. Qxc5 Qxc5 19. Nxc5 Kg7 20. Rd6 fxg2 21.
Kxg2 Rg8 22. Kh2 Rb8 23. Be3 Be6 24. b3 Rge8 25. f4 exf4 26. Bd4 Rbd8 27. Rg1+
Kf8 28. Rxd8 Ng4+ 29. hxg4 Rxd8 30. Nxe6+ fxe6 31. Be5 f3 32. Kg3 Rd2 33. Kxf3
Rxa2 34. Ra1 Rd2 35. Rxa7 Rd3+ 36. Kf4 Rxb3 37. Bg7+ 1-0

[Event "Madrdid ch 2015 - Semifinal B"]
[Site "Madrid ESP"]
[Date "2015.03.21"]
[Round "7.2"]
[White "Vallejo Nuno, Jorge"]
[Black "Hinojar Diez, David"]
[Result "1-0"]
[WhiteElo "2035"]
[BlackElo "2164"]
[PlyCount "61"]
[EventDate "2015.03.05"]
[EventType "swiss"]
[EventRounds "9"]
[EventCountry "ESP"]
[Source "lmi"]
[SourceDate "2015.03.05"]

1. e4 c5 2. d4 cxd4 3. c3 g6 4. Nf3 Bg7 5. Bc4 Qc7 6. Qb3 e6 7. O-O Nc6 8. Bd3
Nge7 9. cxd4 Nxd4 10. Nxd4 Bxd4 11. Nc3 a6 12. Bh6 Ng8 13. Bd2 Nf6 14. Ne2 Ng4
15. Bf4 Be5 16. Rac1 Qb8 17. Bxe5 Nxe5 18. f4 Nc6 19. Qc3 O-O 20. Rf3 d5 21.
exd5 exd5 22. Qf6 Bd7 23. Ng3 Qd8 24. Nh5 Qb6+ 25. Kf1 gxh5 26. f5 h4 27. Qg5+
Kh8 28. f6 Rg8 29. Qh6 Rg6 30. Bxg6 fxg6 31. Qg7# 1-0

[Event "Madrdid ch 2015 - Semifinal B"]
[Site "Madrid ESP"]
[Date "2015.03.21"]
[Round "7.3"]
[White "Rodrigo Yanguas, Maria"]
[Black "Ruiz Sanchez, Roberto"]
[Result "1-0"]
[WhiteElo "2184"]
[BlackElo "1897"]
[PlyCount "53"]
[EventDate "2015.03.05"]
[EventType "swiss"]
[EventRounds "9"]
[EventCountry "ESP"]
[Source "lmi"]
[SourceDate "2015.03.05"]

1. e4 c6 2. Nf3 d5 3. Nc3 dxe4 4. Nxe4 Nd7 5. Qe2 e6 6. d3 Qb6 7. g3 Ngf6 8.
Bg2 Nxe4 9. dxe4 e5 10. O-O Be7 11. b3 O-O 12. Bb2 Qc7 13. Bh3 Bf6 14. Rad1 Re8
15. Rd2 Nf8 16. Bxc8 Raxc8 17. Rfd1 b5 18. c4 b4 19. c5 Qa5 20. Qc4 Ne6 21. Rc2
Rcd8 22. Rd6 Nd4 23. Bxd4 exd4 24. Re2 Rxd6 25. cxd6 c5 26. e5 Bd8 27. e6 1-0

[Event "Madrdid ch 2015 - Semifinal B"]
[Site "Madrid ESP"]
[Date "2015.03.21"]
[Round "7.4"]
[White "Saribekyan, Garnik"]
[Black "Aguilera Lopez, Alejandro"]
[Result "0-1"]
[WhiteElo "1678"]
[BlackElo "1879"]
[PlyCount "80"]
[EventDate "2015.03.05"]
[EventType "swiss"]
[EventRounds "9"]
[EventCountry "ESP"]
[Source "lmi"]
[SourceDate "2015.03.05"]

1. d4 d5 2. c4 c6 3. Nf3 Nf6 4. Qc2 e6 5. Bg5 Nbd7 6. e3 Bd6 7. cxd5 exd5 8.
Bd3 h6 9. Bh4 O-O 10. O-O Qc7 11. Nc3 Re8 12. Rab1 Ng4 13. Bg3 Bxg3 14. hxg3
Nb6 15. Rbc1 Be6 16. Ne2 g5 17. b4 Nc4 18. e4 dxe4 19. Bxe4 Nd6 20. Bd3 a6 21.
Nc3 Qd8 22. Ne5 Nb5 23. Bh7+ Kg7 24. d5 Nxe5 25. dxe6 Rxe6 26. Bf5 Nd4 27. Qb1
Nxf5 28. Qxf5 Qd4 29. Rfd1 Qxb4 30. Ne4 Qe7 31. Nc5 Rf6 32. Qc2 Ng4 33. Ne4 Re6
34. f3 f6 35. Qc3 b6 36. Nxg5 hxg5 37. f4 Rd8 38. Rf1 Re2 39. Qxc6 Qe3+ 40. Kh1
Rh8# 0-1

[Event "Madrdid ch 2015 - Semifinal B"]
[Site "Madrid ESP"]
[Date "2015.03.21"]
[Round "7.5"]
[White "Moreno Torrero, Javier"]
[Black "Martin Rodriguez, Emilio"]
[Result "0-1"]
[WhiteElo "1987"]
[BlackElo "2091"]
[PlyCount "48"]
[EventDate "2015.03.05"]
[EventType "swiss"]
[EventRounds "9"]
[EventCountry "ESP"]
[Source "lmi"]
[SourceDate "2015.03.05"]

1. d4 d5 2. c4 e6 3. Nf3 Nf6 4. Nc3 Be7 5. Bg5 h6 6. Bh4 O-O 7. e3 Ne4 8. Bxe7
Qxe7 9. cxd5 Nxc3 10. bxc3 exd5 11. Be2 Rd8 12. O-O Rd6 13. c4 dxc4 14. Bxc4
Bg4 15. h3 Bh5 16. g4 Bg6 17. Ne5 Nc6 18. f4 Rad8 19. Qf3 Nxe5 20. dxe5 Rc6 21.
Rac1 Rd7 22. Rfd1 Rxd1+ 23. Qxd1 Qh4 24. Kg2 Be4+ 0-1

[Event "Madrdid ch 2015 - Semifinal B"]
[Site "Madrid ESP"]
[Date "2015.03.21"]
[Round "7.6"]
[White "Rosa Ramirez, Victor D"]
[Black "Garcia Serrano, Jose M"]
[Result "1-0"]
[WhiteElo "1978"]
[BlackElo "1773"]
[PlyCount "143"]
[EventDate "2015.03.05"]
[EventType "swiss"]
[EventRounds "9"]
[EventCountry "ESP"]
[Source "lmi"]
[SourceDate "2015.03.05"]

1. e4 e5 2. Nf3 Nc6 3. Bc4 Nf6 4. O-O Nxe4 5. Nc3 Nxc3 6. dxc3 Be7 7. Qd5 O-O
8. Nxe5 Nxe5 9. Qxe5 Bf6 10. Qh5 c6 11. Re1 d5 12. Bd3 g6 13. Qf3 Bg7 14. Be3
Be6 15. Bd4 Qd6 16. Qe3 b6 17. a4 c5 18. Bxg7 Kxg7 19. Qe5+ Qxe5 20. Rxe5 c4
21. Bf1 Rfe8 22. Rd1 f6 23. Re2 Rad8 24. Red2 a6 25. Bxc4 a5 26. Kf1 Rd6 27.
Bxd5 Red8 28. c4 Bc8 29. b3 Bf5 30. f3 h5 31. h3 h4 32. Kf2 g5 33. Ke3 Re8+ 34.
Kd4 Rdd8 35. Kc3 Re3+ 36. Kb2 Rde8 37. Bc6 R8e7 38. Rd5 Kg6 39. R1d2 Re2 40.
R5d4 Kh5 41. Rd5 Kg6 42. Bb5 Kh5 43. c5 Rxd2 44. Rxd2 bxc5 45. Rd5 Re5 46. Rd8
Re1 47. Kc3 Rg1 48. Rd2 Bg6 49. Bd3 Bf7 50. Re2 Bd5 51. Bc4 Bc6 52. Bf7+ Kh6
53. Kc4 Kg7 54. Bd5 Bxd5+ 55. Kxd5 f5 56. Kxc5 g4 57. fxg4 fxg4 58. hxg4 Kf6
59. Kb5 Kg5 60. Kxa5 Kxg4 61. Kb6 Kg3 62. a5 Rf1 63. a6 Rf6+ 64. Kb5 Rf5+ 65.
Kb4 Rf6 66. c4 Rxa6 67. c5 Rf6 68. Kb5 Rf5 69. b4 Rg5 70. Kb6 Rg4 71. b5 Rg6+
72. c6 1-0

[Event "Madrdid ch 2015 - Semifinal B"]
[Site "Madrid ESP"]
[Date "2015.03.21"]
[Round "7.7"]
[White "Morona Minguez, Miguel"]
[Black "Martin Hernandez, Vicente"]
[Result "1-0"]
[WhiteElo "1818"]
[BlackElo "1935"]
[PlyCount "37"]
[EventDate "2015.03.05"]
[EventType "swiss"]
[EventRounds "9"]
[EventCountry "ESP"]
[Source "lmi"]
[SourceDate "2015.03.05"]

1. e4 c5 2. Nf3 d6 3. d4 cxd4 4. Nxd4 Nf6 5. Nc3 a6 6. f4 e6 7. Qf3 Nbd7 8. g4
h6 9. h4 Qc7 10. Bh3 Nc5 11. g5 Ng8 12. b4 Nd7 13. Bxe6 fxe6 14. Nxe6 Qc4 15.
Qh5+ Ke7 16. Nd5+ Kxe6 17. f5+ Ke5 18. Bb2+ Kxe4 19. Qg4+ 1-0

[Event "Madrdid ch 2015 - Semifinal B"]
[Site "Madrid ESP"]
[Date "2015.03.21"]
[Round "7.8"]
[White "Fernandez Rodriguez, Fernando"]
[Black "Herranz Sanchez, Pablo"]
[Result "0-1"]
[WhiteElo "1746"]
[BlackElo "1899"]
[PlyCount "108"]
[EventDate "2015.03.05"]
[EventType "swiss"]
[EventRounds "9"]
[EventCountry "ESP"]
[Source "lmi"]
[SourceDate "2015.03.05"]

1. d4 Nf6 2. c4 e6 3. Nc3 Bb4 4. e3 b6 5. Nge2 Bb7 6. a3 Be7 7. d5 e5 8. Ng3 d6
9. Nf5 O-O 10. Nxe7+ Qxe7 11. e4 h6 12. Be2 Nbd7 13. Qc2 a5 14. Be3 Nc5 15. O-O
Bc8 16. h3 Nh7 17. g4 Qh4 18. Kg2 Qe7 19. b4 Nb7 20. f4 exf4 21. Bxf4 h5 22.
Rae1 axb4 23. axb4 Bd7 24. e5 hxg4 25. hxg4 dxe5 26. Bd3 g6 27. Rxe5 Qh4 28.
Rh1 Qxg4+ 29. Bg3 f5 30. Qe2 Qxe2+ 31. Nxe2 Rf7 32. Nf4 Ra2+ 33. Re2 Rxe2+ 34.
Nxe2 c5 35. b5 g5 36. Be5 Re7 37. Bb2 Re3 38. Rh3 Rxh3 39. Kxh3 Kf7 40. Ng3 Kg6
41. Kg2 Nf6 42. Kf3 Ng4 43. Bc3 Nd6 44. Bb2 Nf7 45. Nf1 Nge5+ 46. Ke2 Nxd3 47.
Kxd3 f4 48. Nd2 Kf5 49. Ke2 g4 50. Kf2 Nd6 51. Kg2 f3+ 52. Kh2 Kf4 53. Nf1 Nxc4
54. Bc1+ Ke4 0-1

[Event "Madrdid ch 2015 - Semifinal B"]
[Site "Madrid ESP"]
[Date "2015.03.21"]
[Round "7.9"]
[White "Vazquez Gonzalez, Jesus"]
[Black "Gonzalez Mateos, Rafael"]
[Result "1/2-1/2"]
[WhiteElo "2014"]
[BlackElo "1999"]
[PlyCount "74"]
[EventDate "2015.03.05"]
[EventType "swiss"]
[EventRounds "9"]
[EventCountry "ESP"]
[Source "lmi"]
[SourceDate "2015.03.05"]

1. g3 d5 2. Bg2 c6 3. d4 Bf5 4. Nf3 e6 5. O-O Nf6 6. Nbd2 h6 7. Re1 Be7 8. c3
Nbd7 9. Qb3 Qb6 10. Ne5 Nxe5 11. dxe5 Ng4 12. Qxb6 axb6 13. Nf3 h5 14. h3 Nh6
15. Nd4 Bg6 16. Bxh6 Rxh6 17. e4 dxe4 18. Bxe4 Bxe4 19. Rxe4 g6 20. a4 Rh8 21.
b4 Kf8 22. Nb3 Kg7 23. a5 b5 24. Rd1 Rhd8 25. Red4 Rxd4 26. Rxd4 Bd8 27. Nc5 b6
28. Nb7 Bc7 29. axb6 Bxb6 30. Rd6 Ra2 31. Nc5 Bxc5 32. bxc5 Rc2 33. Rxc6 Rxc3
34. Kg2 b4 35. f4 b3 36. Rb6 Rxc5 37. Rxb3 Rc7 1/2-1/2

[Event "Madrdid ch 2015 - Semifinal B"]
[Site "Madrid ESP"]
[Date "2015.03.21"]
[Round "7.10"]
[White "Largo Barbero, Benito"]
[Black "Estevez Sacristan, Deva"]
[Result "1-0"]
[WhiteElo "1961"]
[BlackElo "1648"]
[PlyCount "145"]
[EventDate "2015.03.05"]
[EventType "swiss"]
[EventRounds "9"]
[EventCountry "ESP"]
[Source "lmi"]
[SourceDate "2015.03.05"]

1. f4 e6 2. Nf3 d5 3. g3 b6 4. Bg2 Nf6 5. O-O Be7 6. d3 O-O 7. Qe1 Bb7 8. e3 c5
9. Nbd2 Nbd7 10. b3 Rc8 11. Bb2 Qc7 12. Rc1 b5 13. c4 dxc4 14. dxc4 b4 15. e4
Rfd8 16. Qe2 Qc6 17. Rcd1 Nf8 18. Rf2 N6d7 19. e5 Qa6 20. Ra1 f6 21. g4 Ng6 22.
Qe3 fxe5 23. Nxe5 Bxg2 24. Nxg6 hxg6 25. Kxg2 Nf6 26. h3 Rd6 27. Nf3 Qc6 28.
Kh2 Rcd8 29. Re1 Kh8 30. Ne5 Qe8 31. Rfe2 Kg8 32. Qxc5 Rd4 33. Qc6 Rxf4 34.
Qxe8+ Rxe8 35. Nxg6 Rf3 36. Bd4 Bd6+ 37. Be5 Kf7 38. Bxd6 Kxg6 39. Kg2 Rd3 40.
Bxb4 Kf7 41. Rd2 Rxd2+ 42. Bxd2 Rd8 43. Be3 a6 44. Kf3 Rd3 45. Ke2 Rd8 46. b4
Rh8 47. Rf1 Ke7 48. Rf3 Ne4 49. Kd3 Nf6 50. Bg5 Rd8+ 51. Kc3 Rd1 52. Kb3 Rb1+
53. Ka4 Rb2 54. a3 Rc2 55. c5 Rc4 56. Ka5 Rd4 57. Kxa6 Rd8 58. c6 Kd6 59. Rd3+
Kc7 60. Rxd8 Kxd8 61. Kb7 e5 62. c7+ Kd7 63. c8=Q+ Ke7 64. a4 e4 65. Bxf6+ Kxf6
66. Qf5+ Ke7 67. Qxe4+ Kf6 68. a5 g5 69. a6 Kf7 70. a7 Kf6 71. a8=Q Kf7 72.
Qae8+ Kg7 73. Q4g6# 1-0

[Event "Madrdid ch 2015 - Semifinal B"]
[Site "Madrid ESP"]
[Date "2015.03.21"]
[Round "7.11"]
[White "Enfedaque Jimenez, Juan Carlos"]
[Black "Del Noval Nemeshazi, Nesztor"]
[Result "0-1"]
[WhiteElo "1758"]
[BlackElo "1770"]
[PlyCount "62"]
[EventDate "2015.03.05"]
[EventType "swiss"]
[EventRounds "9"]
[EventCountry "ESP"]
[Source "lmi"]
[SourceDate "2015.03.05"]

1. e4 c5 2. Nf3 d6 3. d4 cxd4 4. Nxd4 Nf6 5. Nc3 a6 6. Bg5 e6 7. f4 Be7 8. Qf3
Qc7 9. O-O-O Nbd7 10. Bd3 b5 11. g4 Bb7 12. Bxf6 Bxf6 13. Nce2 Nc5 14. g5 Be7
15. Rhg1 g6 16. Kb1 d5 17. Ng3 dxe4 18. Nxe4 Rd8 19. Qe3 Nxd3 20. Rxd3 O-O 21.
Nf6+ Bxf6 22. gxf6 Rd5 23. f5 Qe5 24. fxg6 Qxe3 25. gxh7+ Kh8 26. Rxe3 Rxd4 27.
Reg3 Rdd8 28. Rg4 Bf3 29. Rg7 Rd1+ 30. Rxd1 Bxd1 31. Kc1 Bh5 0-1

[Event "Madrdid ch 2015 - Semifinal B"]
[Site "Madrid ESP"]
[Date "2015.03.21"]
[Round "7.12"]
[White "De Dompablo Fantova, Juan"]
[Black "Yeves Miquel, Enrique"]
[Result "1/2-1/2"]
[WhiteElo "1722"]
[BlackElo "1715"]
[PlyCount "47"]
[EventDate "2015.03.05"]
[EventType "swiss"]
[EventRounds "9"]
[EventCountry "ESP"]
[Source "lmi"]
[SourceDate "2015.03.05"]

1. e4 c5 2. Nf3 e6 3. b3 b6 4. Bb2 Bb7 5. Nc3 Nf6 6. e5 Nd5 7. Bd3 Nf4 8. O-O
Nxd3 9. cxd3 Ba6 10. Qc2 Nc6 11. a3 Be7 12. Ne4 O-O 13. Rfe1 d5 14. exd6 Bxd6
15. Qc3 e5 16. Nxd6 Qxd6 17. Nxe5 Nxe5 18. Qxe5 Qxe5 19. Rxe5 Bxd3 20. Rae1 Bc2
21. b4 cxb4 22. axb4 Bb3 23. Bc3 Be6 24. h3 1/2-1/2

[Event "Madrdid ch 2015 - Semifinal B"]
[Site "Madrid ESP"]
[Date "2015.03.27"]
[Round "8.1"]
[White "Rodrigo Yanguas, Maria"]
[Black "Veganzones Rojo, David"]
[Result "1/2-1/2"]
[WhiteElo "2184"]
[BlackElo "2070"]
[PlyCount "65"]
[EventDate "2015.03.05"]
[EventType "swiss"]
[EventRounds "9"]
[EventCountry "ESP"]
[Source "lmi"]
[SourceDate "2015.03.05"]

1. e4 c6 2. Nf3 d5 3. Nc3 Bg4 4. d4 dxe4 5. Nxe4 Nf6 6. Nxf6+ exf6 7. c3 Bd6 8.
Bd3 O-O 9. O-O Qc7 10. h3 Bh5 11. Be4 Nd7 12. Qd3 Bg6 13. Nh4 Rfe8 14. Nxg6
hxg6 15. b4 f5 16. Bf3 Nf6 17. b5 cxb5 18. Qxb5 Rac8 19. Bb2 b6 20. Rfe1 Ne4
21. Re2 Bh2+ 22. Kh1 Nd6 23. Rxe8+ Rxe8 24. Qc6 Qxc6 25. Bxc6 Rc8 26. Bd7 Rc7
27. Bxf5 gxf5 28. Kxh2 Ne4 29. d5 Nxf2 30. d6 Rc6 31. Rf1 Ne4 32. d7 Rd6 33.
Rxf5 1/2-1/2

[Event "Madrdid ch 2015 - Semifinal B"]
[Site "Madrid ESP"]
[Date "2015.03.27"]
[Round "8.2"]
[White "Martin Rodriguez, Emilio"]
[Black "Vallejo Nuno, Jorge"]
[Result "1/2-1/2"]
[WhiteElo "2091"]
[BlackElo "2035"]
[PlyCount "40"]
[EventDate "2015.03.05"]
[EventType "swiss"]
[EventRounds "9"]
[EventCountry "ESP"]
[Source "lmi"]
[SourceDate "2015.03.05"]

1. d4 f5 2. Bf4 Nf6 3. e3 e6 4. c4 Be7 5. Nc3 O-O 6. h3 c6 7. Nf3 d5 8. Ne5
Nbd7 9. cxd5 Nxd5 10. Nxd5 cxd5 11. a3 Nxe5 12. Bxe5 Qb6 13. Qd2 Bd7 14. Be2
Bb5 15. O-O Bxe2 16. Qxe2 Rac8 17. Rac1 a6 18. Rc2 Rc6 19. Rfc1 Rfc8 20. Kh2
Bd6 1/2-1/2

[Event "Madrdid ch 2015 - Semifinal B"]
[Site "Madrid ESP"]
[Date "2015.03.27"]
[Round "8.3"]
[White "Perez De Aranda A., Leonardo I"]
[Black "Hinojar Diez, David"]
[Result "1/2-1/2"]
[WhiteElo "2094"]
[BlackElo "2164"]
[PlyCount "88"]
[EventDate "2015.03.05"]
[EventType "swiss"]
[EventRounds "9"]
[EventCountry "ESP"]
[Source "lmi"]
[SourceDate "2015.03.05"]

1. e4 c5 2. d4 cxd4 3. c3 d3 4. Bxd3 d6 5. Nf3 Nf6 6. O-O g6 7. e5 dxe5 8. Nxe5
Nbd7 9. Qa4 Bg7 10. Rd1 a6 11. Bc4 O-O 12. Qb3 e6 13. Bf4 Qb6 14. Nxd7 Nxd7 15.
Bd6 Re8 16. Na3 Qxb3 17. Bxb3 b5 18. Nc2 Bb7 19. a4 Nb6 20. axb5 axb5 21. Nd4
Nc4 22. Nxb5 Nxb2 23. Rf1 Red8 24. Bf4 Be4 25. Rxa8 Rxa8 26. c4 Bd3 27. Rc1 Be2
28. Be3 Nd3 29. Rb1 Nb2 30. Rc1 Rd8 31. h3 Rc8 32. Nd6 Rb8 33. Ba2 Ra8 34. Bb1
Bd3 35. c5 Bf8 36. Bxd3 Nxd3 37. Rc3 Ne5 38. Ne4 Rc8 39. Bd4 Bg7 40. Kf1 Rc6
41. Rb3 Nd7 42. Be3 f5 43. Rb7 fxe4 44. Rxd7 Bf8 1/2-1/2

[Event "Madrdid ch 2015 - Semifinal B"]
[Site "Madrid ESP"]
[Date "2015.03.27"]
[Round "8.4"]
[White "Aguilera Lopez, Alejandro"]
[Black "Rosa Ramirez, Victor D"]
[Result "1-0"]
[WhiteElo "1879"]
[BlackElo "1978"]
[PlyCount "103"]
[EventDate "2015.03.05"]
[EventType "swiss"]
[EventRounds "9"]
[EventCountry "ESP"]
[Source "lmi"]
[SourceDate "2015.03.05"]

1. d4 Nf6 2. Nf3 d5 3. Bf4 Nbd7 4. e3 Nh5 5. Bg5 h6 6. Bh4 g5 7. Bg3 Bg7 8. Bd3
c5 9. c3 Nxg3 10. hxg3 e5 11. dxe5 Nxe5 12. Nxe5 Bxe5 13. Bb5+ Kf8 14. O-O g4
15. Na3 Be6 16. Bd3 Qg5 17. e4 Rd8 18. exd5 Bxd5 19. Qe2 h5 20. Rfe1 Bb8 21.
Qe3 Qxe3 22. Rxe3 h4 23. Rae1 a6 24. Bc4 Bc6 25. Re7 Rh7 26. gxh4 Bd6 27. R7e2
Rxh4 28. Nc2 b5 29. Bb3 Bh2+ 30. Kf1 Bc7 31. Kg1 c4 32. Nd4 Rxd4 33. cxd4 cxb3
34. axb3 b4 35. Rc2 Bh2+ 36. Kh1 Bd6+ 37. Kg1 Bd5 38. Rc8+ Kg7 39. Rd8 Bh2+ 40.
Kf1 Bxb3 41. g3 Bc4+ 42. Kg2 Rh5 43. Re5 Rh3 44. Rg5+ Kf6 45. Rxg4 Rh5 46. Rf4+
Ke7 47. Rc8 Bd5+ 48. Kf1 Bg1 49. Rc5 Ke6 50. Ke2 f5 51. Ke3 Be4 52. Rxe4+ 1-0

[Event "Madrdid ch 2015 - Semifinal B"]
[Site "Madrid ESP"]
[Date "2015.03.27"]
[Round "8.5"]
[White "Herranz Sanchez, Pablo"]
[Black "Morona Minguez, Miguel"]
[Result "1/2-1/2"]
[WhiteElo "1899"]
[BlackElo "1818"]
[PlyCount "32"]
[EventDate "2015.03.05"]
[EventType "swiss"]
[EventRounds "9"]
[EventCountry "ESP"]
[Source "lmi"]
[SourceDate "2015.03.05"]

1. e4 e5 2. Nf3 Nc6 3. d4 exd4 4. Nxd4 Bc5 5. Be3 Qf6 6. c3 Nge7 7. g3 b6 8.
Bg2 Bb7 9. O-O O-O-O 10. a3 d5 11. Qg4+ Kb8 12. Nxc6+ Bxc6 13. Bxc5 bxc5 14.
exd5 Bxd5 15. Rd1 Bxg2 16. Kxg2 Qf5 1/2-1/2

[Event "Madrdid ch 2015 - Semifinal B"]
[Site "Madrid ESP"]
[Date "2015.03.27"]
[Round "8.8"]
[White "Marcos Herrero, Francisco"]
[Black "Vazquez Gonzalez, Jesus"]
[Result "1-0"]
[WhiteElo "1921"]
[BlackElo "2014"]
[PlyCount "49"]
[EventDate "2015.03.05"]
[EventType "swiss"]
[EventRounds "9"]
[EventCountry "ESP"]
[Source "lmi"]
[SourceDate "2015.03.05"]

1. d4 g6 2. Nf3 Bg7 3. g3 c5 4. Bg2 Nf6 5. c4 O-O 6. Nc3 cxd4 7. Nxd4 Nc6 8.
O-O a6 9. Nxc6 bxc6 10. c5 Qa5 11. Na4 Rb8 12. a3 Nd5 13. Bxd5 cxd5 14. Rb1 d6
15. b4 Qb5 16. Bb2 d4 17. Rc1 Bh6 18. Qxd4 e5 19. Qxd6 Bxc1 20. Rxc1 Bh3 21.
Nc3 Qd7 22. Qxe5 Rbe8 23. Qf6 Qd2 24. Nd5 Qxc1+ 25. Bxc1 1-0

[Event "Madrdid ch 2015 - Semifinal B"]
[Site "Madrid ESP"]
[Date "2015.03.27"]
[Round "8.9"]
[White "Gonzalez Mateos, Rafael"]
[Black "Fernandez Rodriguez, Fernando"]
[Result "1-0"]
[WhiteElo "1999"]
[BlackElo "1746"]
[PlyCount "61"]
[EventDate "2015.03.05"]
[EventType "swiss"]
[EventRounds "9"]
[EventCountry "ESP"]
[Source "lmi"]
[SourceDate "2015.03.05"]

1. d4 Nf6 2. c3 g6 3. Bg5 Bg7 4. Nd2 O-O 5. e4 d6 6. Bd3 c5 7. d5 e6 8. dxe6
Bxe6 9. Ne2 h6 10. Bh4 Qc7 11. Nf4 Nc6 12. Nxe6 fxe6 13. O-O Nh5 14. Bc4 Rad8
15. g3 Nf6 16. f4 Kh8 17. Bxf6 Rxf6 18. Qc2 Rdf8 19. e5 dxe5 20. Ne4 R6f7 21.
Bxe6 Re7 22. f5 gxf5 23. Bxf5 Qb6 24. g4 c4+ 25. Qf2 Qxf2+ 26. Rxf2 Rd8 27. Rd2
Rxd2 28. Nxd2 b5 29. a4 a6 30. axb5 Nb8 31. bxa6 1-0

[Event "Madrdid ch 2015 - Semifinal B"]
[Site "Madrid ESP"]
[Date "2015.03.27"]
[Round "8.10"]
[White "Garcia Serrano, Jose M"]
[Black "Moreno Torrero, Javier"]
[Result "0-1"]
[WhiteElo "1773"]
[BlackElo "1987"]
[PlyCount "86"]
[EventDate "2015.03.05"]
[EventType "swiss"]
[EventRounds "9"]
[EventCountry "ESP"]
[Source "lmi"]
[SourceDate "2015.03.05"]

1. e4 c5 2. d4 cxd4 3. c3 dxc3 4. Nxc3 e6 5. Nf3 Nc6 6. Bc4 Bb4 7. O-O Nge7 8.
Bg5 f6 9. Be3 O-O 10. a3 Bxc3 11. bxc3 d5 12. exd5 Nxd5 13. Bc5 Re8 14. Nd4 Ne5
15. Bb5 Nxc3 16. Qh5 g6 17. Qh3 Nxb5 18. Nxb5 Nf7 19. Qg3 e5 20. Qc3 Bd7 21.
Rfd1 Qc8 22. Nd6 Nxd6 23. Rxd6 b6 24. Qd2 Be6 25. Be3 Rd8 26. Rc1 Qxc1+ 27.
Qxc1 Rxd6 28. h3 Rc8 29. Qb2 Kf7 30. Qb4 Rd5 31. Qh4 h5 32. Qa4 Ra5 33. Qb4 f5
34. Bg5 Rcc5 35. Qd2 Rd5 36. Qb4 Rac5 37. Kh2 f4 38. Qe1 a5 39. f3 Rc2 40. Qh4
Rdd2 41. Be7 Rxg2+ 42. Kh1 Rh2+ 43. Kg1 Rcg2+ 0-1